| 000 | 01656cam a2200397 a 4500 | ||
|---|---|---|---|
| 999 |
_c331935 _d331935 |
||
| 001 | 16105184 | ||
| 003 | OSt | ||
| 005 | 20171103103402.0 | ||
| 008 | 100224s2010 nyua b 001 0 eng | ||
| 010 | _a 2010004381 | ||
| 015 |
_aGBA9A3778 _2bnb |
||
| 016 | 7 |
_a015402229 _2Uk |
|
| 020 | _a9780071713849 (hc : alk. paper) | ||
| 020 | _a9780071713856 (hc) | ||
| 020 | _a0073397865 | ||
| 035 | _a(OCoLC)ocn466354554 | ||
| 040 |
_aDLC _cDLC _dYDX _dYDXCP _dUKMGB _dBWX _dVP@ _dDLC |
||
| 050 | 0 | 0 |
_aTD346 _b.D38 2010 |
| 082 | 0 | 0 |
_a628.1 DAV _222 |
| 100 | 1 |
_aDavis, Mackenzie Leo, _d1941- _95729 |
|
| 245 | 1 | 0 |
_aWater and wastewater engineering : _bdesign principles and practice / _cMackenzie L. Davis. |
| 260 |
_aNew York : _bMcGraw-Hill, _cc2010. |
||
| 300 |
_a1 v. (various pagings) : _bill. ; _c25 cm. |
||
| 500 | _aPhotocopy | ||
| 504 | _aIncludes bibliographical references and index. | ||
| 650 | 0 |
_aWater-supply. _92497 |
|
| 650 | 0 |
_aWater _xPurification. _9264 |
|
| 650 | 0 |
_aSewage _xPurification. _9265 |
|
| 856 | 4 | 2 |
_3Contributor biographical information _uhttp://www.loc.gov/catdir/enhancements/fy1013/2010004381-b.html |
| 856 | 4 | 2 |
_3Publisher description _uhttp://www.loc.gov/catdir/enhancements/fy1013/2010004381-d.html |
| 856 | 4 | 1 |
_3Table of contents only _uhttp://www.loc.gov/catdir/enhancements/fy1013/2010004381-t.html |
| 906 |
_a7 _bcbc _corignew _d1 _eecip _f20 _gy-gencatlg |
||
| 942 |
_2ddc _cBK _kIESE |
||